000 00944nac a22002657a 4500
001 BR7324041
003 BR-BrBNA
005 20240105113710.0
008 230509b bl.|||m| |||| 00| 0 por d
040 _aBR-BrBNA
_bpor
_cBiblioteca Nacional de Agricultura
072 _aE10; D50
090 _aE10 BR7324041
110 1 _aCooperativa Instituto de Pecuaria da Bahia, Salvador (Brasil)
_92893
245 1 _aDinheiro para a pecuaria; ponderacoes sobre o credito rural; instrucoes para propostas de emprestimo; legislacao sobre o penhor pecuario e de maquinas [Brasil]
260 3 _aSalvador, BA (Brasil):
_c1939.
300 _a38 p.
490 _aPublicacao - Cooperativa Instituto de Pecuaria da Bahia (Brazil)
_vno. 7
_x
650 _aLEGISLACAO
650 _aPECUARIA
650 _aCREDITO RURAL
650 _aEMPRESTIMO
650 _aMAQUINA AGRICOLA
909 _a202312
_bLúcia Elande
_c55
_dLúcia Elande
942 _2AGRIS
_n0
_cMS
999 _c265042
_d265042